000
00285nam a2200109Ia 4500
008
190914s9999||||xx |||||||||||||| ||und||
100
_a
Philip Rowland
245
4
_a
The Essence of Business Process Re- Engineering
260
_a
Karachi
_b
Thomson South
_c
2017
300
_a
344
942
_c
BK
999
_c
9471
_d
9471